Valoración energetica de heces fecales de gallinas /
Guardado en:
| Autor Principal: | |
|---|---|
| Formato: | Libro |
| Idioma: | Undetermined |
| Publicado: |
Madrid :
Instituto Nacional de Investigaciones Agrarias,
1982.
|
| Series: | 8474980852
|
| Materias: | |
| Etiquetas: |
Agregar Etiqueta
Sin Etiquetas, Sea el primero en etiquetar este registro!
|
| LEADER | 00616nam a22001935a 4500 | ||
|---|---|---|---|
| 001 | CEM.cems024317 | ||
| 008 | 240918s1982####sp############000#0#und#d | ||
| 005 | 20240918093228.0 | ||
| 245 | 1 | 0 | |a Valoración energetica de heces fecales de gallinas / |c Esteban Turzo. |
| 260 | |a Madrid : |b Instituto Nacional de Investigaciones Agrarias, |c 1982. | ||
| 300 | |a 28 p. ; |c 20 cm. | ||
| 490 | 1 | |a 8474980852 | |
| 020 | |a 8474980852 | ||
| 100 | 1 | |a Turzo, Esteban. | |
| 082 | 0 | 4 | |a 574.6 |
| 653 | |a Avícultura | ||
| 653 | |a Aves de corral | ||
| 653 | |a Producción avícola | ||
| 859 | |a CEMS |b BIB. CEMS - Agricultura |h 574.6 |i Es61-9 |p A11428.82 |t Ej.1 | ||
